000 00925nam a22002657a 4500
005 20170124105922.0
010 _aB-161073
020 _c£13.99
_a0415344980
020 _c0415344972
035 _aB-161073
037 _bCen Lib/Ret
040 _aDPL
_bEN
082 _a378.19422
_bFIN
100 _aFinn, John A.
_94943
245 _aGetting a PhD :
_cby John A. Finn
_ban action to help manage your research, your supervisor and your project /
260 _aLondon
_bRoutledge
_c2005
270 _a2 Park Square, Milton Park, Abingdon, Oxon
_bLondon
300 _axi,191p.:
_c22cm(pbk)
_bill.
500 _aIncludes bibliographical references and index
650 _aEducation
_91169
650 _aEducation, Higher--Research
_94944
650 _aशिक्षा
_962561
650 _aशिक्षा, हायर - अनुसंधान
_962562
942 _2ddc
_cEN
_h378.19422
_mFIN
999 _c123240
_d123240